Paesi/Città Calabresi - Statistics

Statistiche generali
  • Questo quiz è stato fatto 86 volte
  • Il punteggio medio è 10 su 18
Answers on the Grid
Answers color-coded by a green-red scale on the quiz's grid according to % correct below.
Norcia
Sapri
Amantea
Bova
Sala Consilina
Scalea
Serra San Bruno
Matera
Ganzirri
Villa San Giovanni
Motta San Giovanni
Policoro
Livorno
Fabrizia
Trebisacce
Cosenza
Gallipoli
Ostuni
Praia a Mare
Nola
Lorica
Isola di Capo Rizzuto
San Severo
Gerace
Locri
Sassari
Montepaone
Soverato
Orvieto
Botricello
Tindari
Giovino
 
Statistiche sulle risposte
Risposta % Corretto
Amantea
77%
Cosenza
77%
Locri
70%
Villa San Giovanni
70%
Scalea
67%
Serra San Bruno
67%
Bova
57%
Isola di Capo Rizzuto
57%
Soverato
57%
Praia a Mare
53%
Trebisacce
53%
Gerace
50%
Motta San Giovanni
43%
Lorica
40%
Botricello
37%
Fabrizia
37%
Montepaone
33%
Giovino
27%
Nessun quiz corrispondente trovato
Distribuzione punteggi
Percentuale di utenti per punteggio
Percentile per numero di risposta
I tuoi punteggi nel tempo
Non hai fatto questo quiz